|
|
|
|
| LEADER |
01412nam a2200373Ia 4500 |
| 001 |
EBC3238180 |
| 003 |
MiAaPQ |
| 005 |
20200520144314.0 |
| 006 |
m o d | |
| 007 |
cr cn||||||||| |
| 008 |
100714s2011 cc a s 000 0 eng |
| 020 |
|
|
|z 9789814298223 (hbk.)
|
| 020 |
|
|
|z 9789814298230
|
| 035 |
|
|
|a (MiAaPQ)EBC3238180
|
| 035 |
|
|
|a (Au-PeEL)EBL3238180
|
| 035 |
|
|
|a (CaPaEBR)ebr10616907
|
| 035 |
|
|
|a (CaONFJC)MIL484750
|
| 035 |
|
|
|a (OCoLC)923762461
|
| 040 |
|
|
|a MiAaPQ
|c MiAaPQ
|d MiAaPQ
|
| 050 |
|
4 |
|a HF3836.5
|b .J56 2011
|
| 082 |
0 |
4 |
|a 382.0951
|2 22
|
| 100 |
1 |
|
|a Jin, Zhesong.
|
| 245 |
1 |
0 |
|a Foreign trade growth and economic development in China
|h [electronic resource] :
|b retrospective and future prospects /
|c Jin Zhesong & Li Jun.
|
| 260 |
|
|
|a Hong Kong :
|b Enrich ;
|a Lancaster :
|b Gazelle [distributor],
|c 2011.
|
| 300 |
|
|
|a xiv, 282 p. :
|b ill.
|
| 490 |
0 |
|
|a Enrich series on China's economic reform ;
|v v. 3
|
| 533 |
|
|
|a Electronic reproduction. Ann Arbor, MI : ProQuest, 2015. Available via World Wide Web. Access may be limited to ProQuest affiliated libraries.
|
| 651 |
|
0 |
|a China
|x Commerce.
|
| 651 |
|
0 |
|a China
|x Economic policy
|y 1976-2000.
|
| 651 |
|
0 |
|a China
|x Economic policy
|y 2000-
|
| 655 |
|
4 |
|a Electronic books.
|
| 700 |
1 |
|
|a Li, Jun.
|
| 710 |
2 |
|
|a ProQuest (Firm)
|
| 856 |
4 |
0 |
|u https://ebookcentral.proquest.com/lib/matrademy/detail.action?docID=3238180
|z Click to View
|